| 000 | 00507nam a2200157 a 4500 | ||
|---|---|---|---|
| 005 | 20140414093850.0 | ||
| 008 | 120629s19uu xx 00 eng d | ||
| 050 |
_aCD 510 _bP715he 2010 |
||
| 100 | _aPlass, Claire | ||
| 245 |
_aOxford GCSE maths for Edexcel : _bhigher - homework ebook / _cClaire Plass. |
||
| 260 |
_aOxford : _bOxford University Press, _c2010. |
||
| 650 |
_aMathematics _xExaminations _xStudy guides |
||
| 650 |
_aMathematics _xProblems, exercises, etc. |
||
| 942 | _cAVM | ||
| 999 |
_c109810 _d109810 |
||